| 000 | 00428cam a2200157u 4500 | ||
|---|---|---|---|
| 040 | _cCarP | ||
| 082 | _a630 LIB 1917 A107 Or. | ||
| 100 | 1 | _aGavoty, Raymond. [from old catalog] | |
| 245 | 1 | 3 | _aLa culture fruitière & maraichère en France, |
| 260 |
_aParis _b[Lib.-imp. réunies] _c1917. |
||
| 300 |
_acover-title, 20 p. _c28 cm. |
||
| 650 | 0 | _aFruit trade | |
| 650 | 0 | _aFruit-culture | |
| 650 | 0 | _aVegetables. | |
| 942 | _cFB | ||
| 999 |
_c16887 _d16887 |
||